[Event "Warsaw Maciei Memorial"]
[Site "Warsaw"]
[Date "2025.07.07"]
[Round "11"]
[White "Masternak, Grzegorz"]
[Black "Nagly, Wojciech"]
[Result "1-0"]
[WhiteElo "2286"]
[BlackElo "2098"]
[PlyCount "71"]
[EventDate "2025.07.07"]
[EventType "swiss (blitz)"]
[EventRounds "11"]
[EventCountry "POL"]
[SourceTitle "CB28_2025"]
[SourceDate "2025.07.09"]
[SourceVersion "1"]
[SourceVersionDate "2025.07.09"]
[SourceQuality "1"]

1. e4 c5 2. Nc3 g6 3. g3 Bg7 4. Bg2 Nc6 5. d3 Rb8 6. Be3 d6 7. Qd2 b5 8. Nge2 b4 9. Nd1 Nf6 10. h3 0-0 11. f4 e5 12. 0-0 Nd4 13. c3 bxc3 14. bxc3 Nxe2+ 15. Qxe2 Ba6 16. fxe5 dxe5 17. c4 Qd6 18. Nc3 Rfd8 19. Nd5 Nxd5 20. cxd5 Rdc8 21. Rfc1 f5 22. Qd2 Rb7 23. Rc3 f4 24. Bf2 g5 25. Rac1 Bf8 26. d4 exd4 27. Bxd4 c4 28. e5 Qh6 29. d6 fxg3 30. Bd5+ Kh8 31. e6+ Bg7 32. d7 Rd8 33. Bxb7 Qxe6 34. Bxg7+ Kxg7 35. Qxg5+ Kf7 36. Rf3+ 1-0

[Event "Warsaw Maciei Memorial"]
[Site "Warsaw"]
[Date "2025.07.07"]
[Round "3"]
[White "Turlej, Lukasz"]
[Black "Nagly, Wojciech"]
[Result "1-0"]
[WhiteElo "2105"]
[BlackElo "2098"]
[PlyCount "80"]
[EventDate "2025.07.07"]
[EventType "swiss (blitz)"]
[EventRounds "11"]
[EventCountry "POL"]
[SourceTitle "CB28_2025"]
[SourceDate "2025.07.09"]
[SourceVersion "1"]
[SourceVersionDate "2025.07.09"]
[SourceQuality "1"]

1. e4 e5 2. Nf3 Nc6 3. Bc4 Bc5 4. b4 Bxb4 5. c3 Ba5 6. d4 exd4 7. 0-0 Nge7 8. Ng5 d5 9. exd5 Ne5 10. Nxf7 Kxf7 11. Bb3 N7g6 12. d6+ Be6 13. f4 Bxb3 14. fxe5+ Ke8 15. Qxb3 Qd7 16. e6 Qxd6 17. Qb5+ Qc6 18. Qxa5 dxc3 19. Nxc3 b6 20. Qb5 Ne7 21. Ba3 Qxb5 22. Nxb5 Rc8 23. Nxa7 Ra8 24. Nb5 Nd5 25. Rad1 c6 26. Nd6+ Ke7 27. Nf7+ Rxa3 28. Nxh8 Ne3 29. Rf3 Rc3 30. Re1 Nd5 31. Rxc3 Nxc3 32. a3 c5 33. Nf7 b5 34. Ng5 b4 35. axb4 cxb4 36. Ne4 Nd5 37. Nc5 Nc3 38. Rf1 Kd6 39. Rf7 Kxc5 40. e7 Kd5 1-0

[Event "POL-chT U20"]
[Site "Chotowa"]
[Date "2025.06.22"]
[Round "9.19"]
[White "Madej, Marek"]
[Black "Nagly, Wojciech"]
[Result "0-1"]
[WhiteElo "2310"]
[BlackElo "2071"]
[PlyCount "86"]
[EventDate "2025.06.14"]
[EventType "team-tourn"]
[EventRounds "9"]
[EventCountry "POL"]
[SourceTitle "CB27_2025"]
[SourceDate "2025.07.02"]
[SourceVersion "1"]
[SourceVersionDate "2025.07.02"]
[SourceQuality "1"]
[WhiteTeam "Wroclaw Polonia Votum"]
[BlackTeam "Wroclaw Srodmiescie"]
[WhiteTeamCountry "POL"]
[BlackTeamCountry "POL"]

1. e4 c5 2. Nf3 e6 3. d4 cxd4 4. Nxd4 Nc6 5. Nc3 Qc7 6. Be3 a6 7. Qf3 b5 8. Nxc6 Qxc6 9. Bd3 Bb7 10. Qg3 Nf6 11. a3 h5 12. h3 h4 13. Qg5 Rh5 14. Qf4 Bd6 15. Qf3 Be5 16. Bd2 Qc5 17. 0-0 Bc7 18. Qe2 Rh8 19. Be3 Qc6 20. f4 Nh5 21. Qg4 0-0-0 22. Ne2 Nf6 23. Qf3 Nxe4 24. Rac1 Nf6 25. Qf2 Nd5 26. Bd4 Nxf4 27. Nxf4 Bxf4 28. c4 Bxc1 29. Rxc1 d5 30. Bf1 dxc4 31. b3 Rh5 32. bxc4 Rf5 33. Qb2 b4 34. axb4 Qe4 35. Bb6 Rd6 36. c5 Qe3+ 37. Kh2 Qg3+ 38. Kg1 Qe3+ 39. Kh2 Rd2 40. Qxg7 Rxg2+ 41. Qxg2 Bxg2 42. Bxa6+ Kb8 43. c6 Qg3+ 0-1

[Event "POL-chT U20"]
[Site "Chotowa"]
[Date "2025.06.15"]
[Round "2.25"]
[White "Rekuc, Patryk"]
[Black "Nagly, Wojciech"]
[Result "1-0"]
[WhiteElo "2224"]
[BlackElo "2071"]
[PlyCount "91"]
[EventDate "2025.06.14"]
[EventType "team-tourn"]
[EventRounds "9"]
[EventCountry "POL"]
[SourceTitle "CB27_2025"]
[SourceDate "2025.07.02"]
[SourceVersion "1"]
[SourceVersionDate "2025.07.02"]
[SourceQuality "1"]
[WhiteTeam "Bialystok Stoczek 45"]
[BlackTeam "Wroclaw Srodmiescie"]
[WhiteTeamCountry "POL"]
[BlackTeamCountry "POL"]

1. d4 d5 2. Nf3 Nf6 3. c4 e6 4. e3 c5 5. cxd5 exd5 6. Bb5+ Bd7 7. Bxd7+ Qxd7 8. 0-0 Nc6 9. b3 b6 10. Bb2 Be7 11. Nc3 0-0 12. Rc1 c4 13. Ne5 Qe6 14. Nb5 Ne8 15. bxc4 Nxe5 16. dxe5 dxc4 17. Qf3 Rd8 18. Rc2 Bc5 19. Nxa7 Nc7 20. Qc6 Nd5 21. Qxe6 fxe6 22. Bd4 Bxd4 23. exd4 Ra8 24. Nb5 Ra5 25. Rb1 Rfa8 26. Rxc4 Rxa2 27. g3 Rf8 28. Rf1 h5 29. h4 Rf3 30. Nd6 Rb3 31. Ne4 Kh7 32. Ng5+ Kg6 33. Nxe6 Kf5 34. Ng5 Rbb2 35. Rc8 b5 36. Rf8+ Kg6 37. Rc1 Rc2 38. Rxc2 Rxc2 39. Ne6 Nc3 40. Nf4+ Kh7 41. e6 Rc1+ 42. Kg2 Re1 43. d5 Ne4 44. e7 Nf6 45. Ne6 b4 46. Rxf6 1-0

[Event "Krakow op-A 35th"]
[Site "Krakow"]
[Date "2024.12.27"]
[Round "1"]
[White "Podolskyi, Mykhailo"]
[Black "Nagly, Wojciech"]
[Result "0-1"]
[WhiteElo "2319"]
[BlackElo "2161"]
[PlyCount "80"]
[EventDate "2024.12.27"]
[EventType "swiss"]
[EventRounds "9"]
[EventCountry "POL"]
[SourceTitle "CB02_2025"]
[SourceDate "2025.01.08"]
[SourceVersion "1"]
[SourceVersionDate "2025.01.08"]
[SourceQuality "1"]

1. d4 Nf6 2. c4 e6 3. Nf3 d5 4. Nc3 Bb4 5. cxd5 exd5 6. Qa4+ Nc6 7. Bg5 h6 8. Bxf6 Qxf6 9. e3 0-0 10. Bb5 Bxc3+ 11. bxc3 Ne7 12. 0-0 Nf5 13. Be2 Nd6 14. c4 dxc4 15. Bxc4 b5 16. Bxb5 Nxb5 17. Qxb5 Ba6 18. Qc5 Bxf1 19. Rxf1 Qb6 20. Qc4 a5 21. Ne5 Qe6 22. Qa4 Rfb8 23. Nc6 Rb2 24. d5 Qf6 25. Qc4 a4 26. e4 Qf4 27. g3 Qd2 28. Ne7+ Kh7 29. Qc6 Qa5 30. Qd7 Qb6 31. Qf5+ Kh8 32. e5 Qb8 33. Qxf7 Qe8 34. Qe6 Rb6 35. d6 cxd6 36. exd6 Rd8 37. Rd1 Qh5 38. Rd3 Qc5 39. Nf5 Rf8 40. Nh4 Qxf2+ 0-1

[Event "Wroclaw Anderssen Memorial op"]
[Site "Wroclaw"]
[Date "2024.08.15"]
[Round "8"]
[White "Nagly, Wojciech"]
[Black "Hilarecki, Grzegorz"]
[Result "0-1"]
[WhiteElo "2133"]
[BlackElo "1933"]
[PlyCount "180"]
[EventDate "2024.08.15"]
[EventType "swiss (blitz)"]
[EventRounds "9"]
[EventCountry "POL"]
[SourceTitle "CBM 221 Extra"]
[Source "ChessBase"]
[SourceDate "2024.09.30"]
[SourceVersion "1"]
[SourceVersionDate "2024.09.30"]
[SourceQuality "1"]

1. e4 d5 2. exd5 Qxd5 3. Nc3 Qa5 4. d4 Nf6 5. Nf3 Bf5 6. Be2 e6 7. Bd2 c6 8. 0-0 Bb4 9. a3 Bxc3 10. Bxc3 Qc7 11. b3 0-0 12. Bb2 Nbd7 13. c4 Rfd8 14. Bd3 Bg6 15. Bxg6 hxg6 16. Qe2 c5 17. Rfd1 cxd4 18. Nxd4 a6 19. Rd2 Nc5 20. Qf3 e5 21. b4 exd4 22. bxc5 Qxc5 23. Rad1 Qxc4 24. Rxd4 Rxd4 25. Rxd4 Qc2 26. Qc3 Qxc3 27. Bxc3 Rc8 28. Bd2 Rc7 29. Kf1 Rd7 30. Bc3 Rxd4 31. Bxd4 Nd5 32. Ke2 f6 33. g3 Kf7 34. Kd3 Ke6 35. Kc4 g5 36. Kc5 g4 37. a4 g6 38. a5 f5 39. Bb2 g5 40. Bd4 f4 41. Bb2 f3 42. Bd4 Ne7 43. Kb6 Nc6 44. Be3 Kd5 45. Bc1 Kc4 46. Bd2 Ne5 47. Bxg5 Nd3 48. Be3 Kb4 49. Kxb7 Kxa5 50. Kc6 Ka4 51. Kd5 Kb3 52. Ke4 Kc2 53. Kf5 a5 54. Kxg4 a4 55. Bd4 a3 56. h4 Nb2 57. h5 a2 58. h6 a1Q 59. h7 Qe1 60. h8Q Qe4+ 61. Kg5 Nd3 62. Qc8+ Kd1 63. Be3 Ke1 64. g4 Kf1 65. Qc2 Kg2 66. Kh6 Qe6+ 67. Kh5 Ne5 68. Qf5 Qe8+ 69. Kh4 Qh8+ 70. Qh5 Qf6+ 71. Qg5 Qd6 72. Qh6 Qxh6+ 73. Bxh6 Kxf2 74. Bg7 Ke2 75. Bxe5 f2 76. g5 f1Q 77. Kh5 Qh3+ 78. Kg6 Qe6+ 79. Bf6 Kf3 80. Kg7 Kg4 81. Kh6 Kf5 82. Kh5 Qe2+ 83. Kh6 Qh2+ 84. Kg7 Qc7+ 85. Kf8 Kg6 86. Ke8 Kf5 87. Kf8 Qd7 88. Be7 Kg6 89. Kg8 Qxe7 90. Kh8 Qg7# 0-1

[Event "Wroclaw op-A"]
[Site "Wroclaw"]
[Date "2024.08.11"]
[Round "5"]
[White "Mis, Mieszko"]
[Black "Nagly, Wojciech"]
[Result "1-0"]
[WhiteElo "2357"]
[BlackElo "2133"]
[PlyCount "43"]
[EventDate "2024.08.08"]
[EventType "swiss"]
[EventRounds "9"]
[EventCountry "POL"]
[SourceTitle "EXT 2025"]
[Source "ChessBase"]
[SourceDate "2024.10.14"]
[SourceVersion "1"]
[SourceVersionDate "2024.10.14"]
[SourceQuality "1"]

1. e4 e6 2. d4 d5 3. Nc3 dxe4 4. Nxe4 Nd7 5. Nf3 Ngf6 6. Nxf6+ Nxf6 7. g3 b6 8. Bb5+ Bd7 9. a4 a6 10. Be2 c5 11. Ne5 cxd4 12. Qxd4 Bc5 13. Qh4 Bc6 14. Nxc6 Qd5 15. 0-0 Qxc6 16. Bh6 Bf8 17. Rfd1 Nd5 18. Bf3 Rc8 19. Bxd5 exd5 20. Re1+ Kd7 21. Bxg7 Bxg7 22. Qe7# 1-0

[Event "Wroclaw op-A"]
[Site "Wroclaw"]
[Date "2024.08.10"]
[Round "4"]
[White "Nagly, Wojciech"]
[Black "Terkiewicz, Bruno"]
[Result "1-0"]
[WhiteElo "2133"]
[BlackElo "2206"]
[PlyCount "113"]
[EventDate "2024.08.08"]
[EventType "swiss"]
[EventRounds "9"]
[EventCountry "POL"]
[SourceTitle "EXT 2025"]
[Source "ChessBase"]
[SourceDate "2024.10.14"]
[SourceVersion "1"]
[SourceVersionDate "2024.10.14"]
[SourceQuality "1"]

1. d4 d5 2. Nf3 Nf6 3. c4 e6 4. Nc3 c5 5. cxd5 exd5 6. Bg5 Be6 7. Bxf6 Qxf6 8. e4 dxe4 9. Nxe4 Qf4 10. Nfg5 c4 11. Qd2 Qxd2+ 12. Kxd2 Bb4+ 13. Ke3 Bd5 14. Rc1 b5 15. b3 Ba3 16. Rc2 f5 17. Nc3 cxb3 18. Bxb5+ Nd7 19. axb3 Bxb3 20. Re2 h6 21. Kd3+ Kd8 22. Ne6+ Bxe6 23. Rxe6 a5 24. Nd5 Rb8 25. Kc4 Re8 26. Rxe8+ Kxe8 27. Ra1 Bf8 28. Rxa5 Kd8 29. Ra7 Nb6+ 30. Nxb6 Rxb6 31. Rd7+ Kc8 32. Rf7 Bd6 33. Rxg7 Bxh2 34. Bd7+ Kb8 35. Bxf5 Rf6 36. g4 Bf4 37. Kd5 Ra6 38. Rg8+ Ka7 39. Ke4 Bd2 40. Rc8 Ra4 41. Rc2 Bg5 42. Be6 Rb4 43. Ke5 Kb6 44. f4 Bd8 45. Bd5 Rb1 46. Rc6+ Kb5 47. Rc8 Bb6 48. Be4 Rd1 49. d5 Bc5 50. g5 hxg5 51. fxg5 Rg1 52. g6 Rg5+ 53. Kf6 Rg4 54. Bf5 Rg1 55. Kf7 Rg5 56. g7 Rxf5+ 57. Ke6 1-0

[Event "Wroclaw op-A"]
[Site "Wroclaw"]
[Date "2024.08.08"]
[Round "1"]
[White "Van De Lagemaat, Arend"]
[Black "Nagly, Wojciech"]
[Result "1-0"]
[WhiteElo "1996"]
[BlackElo "2133"]
[PlyCount "105"]
[EventDate "2024.08.08"]
[EventType "swiss"]
[EventRounds "9"]
[EventCountry "POL"]
[SourceTitle "EXT 2025"]
[Source "ChessBase"]
[SourceDate "2024.10.14"]
[SourceVersion "1"]
[SourceVersionDate "2024.10.14"]
[SourceQuality "1"]

1. d4 d5 2. Nf3 Nf6 3. g3 e6 4. Bg2 c5 5. 0-0 Nc6 6. c4 dxc4 7. Ne5 Bd7 8. Na3 cxd4 9. Naxc4 Be7 10. Qb3 Qc7 11. Bf4 Nd5 12. Bxd5 exd5 13. Nxf7 dxc4 14. Qxc4 Qa5 15. Nxh8 Qf5 16. Qg8+ Bf8 17. e4 Be6 18. exf5 Bxg8 19. g4 0-0-0 20. g5 Rd5 21. g6 Rxf5 22. Bg3 Rf6 23. Rfe1 Kd7 24. Re4 hxg6 25. Rg4 Bd6 26. Nxg6 Be6 27. Rg5 Bxg3 28. hxg3 Nb4 29. Rd1 Nxa2 30. Rxd4+ Kc6 31. Ne7+ Kb6 32. Nd5+ Bxd5 33. Rdxd5 Rf7 34. Rc5 a6 35. Rc4 a5 36. Rcc5 Nb4 37. Rxa5 Nd3 38. f4 Re7 39. Rad5 Re1+ 40. Kg2 Nc1 41. Rg6+ Ka7 42. Rxg7 Re2+ 43. Kf3 Rxb2 44. f5 Rb3+ 45. Kg4 Ne2 46. Kh4 Rb1 47. f6 Rh1+ 48. Kg4 Rg1 49. Rd3 Rf1 50. Rf3 Rxf3 51. Kxf3 Nd4+ 52. Ke4 Ne6 53. Ke5 1-0

[Event "Warsaw Najdorf Memorial op-A"]
[Site "Warsaw"]
[Date "2024.07.16"]
[Round "8"]
[White "Nagly, Wojciech"]
[Black "Terkiewicz, Bruno"]
[Result "1-0"]
[WhiteElo "2016"]
[BlackElo "2170"]
[PlyCount "137"]
[EventDate "2024.07.09"]
[EventType "swiss"]
[EventRounds "9"]
[EventCountry "POL"]
[SourceTitle "EXT 2025"]
[Source "ChessBase"]
[SourceDate "2024.10.14"]
[SourceVersion "1"]
[SourceVersionDate "2024.10.14"]
[SourceQuality "1"]

1. d4 Nf6 2. Nf3 e6 3. c4 d5 4. Nc3 c5 5. e3 cxd4 6. exd4 Bb4 7. a3 Bxc3+ 8. bxc3 0-0 9. Qc2 b6 10. cxd5 Qxd5 11. c4 Qe4+ 12. Qxe4 Nxe4 13. Bd3 Bb7 14. 0-0 Rd8 15. Be3 Nf6 16. Rfd1 Bxf3 17. gxf3 Nc6 18. Rac1 Rac8 19. Kf1 Rc7 20. Be4 h6 21. Ke2 Na5 22. c5 Nd5 23. Bxd5 exd5 24. cxb6 Rxc1 25. Rxc1 axb6 26. Rc7 Nc4 27. Ra7 Rd6 28. Kd3 Rf6 29. Ke2 Rf5 30. a4 Kh7 31. Rd7 Kg6 32. Bd2 Rh5 33. Bb4 Kf6 34. Be7+ Ke6 35. Rb7 Rxh2 36. Bd8 Rh1 37. Re7+ Kf6 38. Re5+ Kg6 39. Rxd5 Ra1 40. Bxb6 Nxb6 41. Rd6+ Kf5 42. Rxb6 Rxa4 43. Rb7 Ra2+ 44. Ke3 Ra3+ 45. Ke2 Kg6 46. d5 h5 47. Rb4 Kf6 48. Rb6+ Kf5 49. Rb7 Kg6 50. Rc7 Ra8 51. Ke3 Rd8 52. Kd4 h4 53. Ke5 Rh8 54. Rc1 Rh5+ 55. Kd6 Kf6 56. Kc6 h3 57. d6 Re5 58. d7 Ke7 59. Kc7 Rd5 60. d8Q+ Rxd8 61. Re1+ Kf6 62. Kxd8 Kg5 63. Rg1+ Kf4 64. Rxg7 f5 65. Rg3 h2 66. Rh3 h1R 67. Rxh1 Kxf3 68. Rh4 f4 69. Ke7 1-0

[Event "Warsaw Najdorf Memorial op-A"]
[Site "Warsaw"]
[Date "2024.07.14"]
[Round "6"]
[White "Kaczmarek, Arkadiusz"]
[Black "Nagly, Wojciech"]
[Result "0-1"]
[WhiteElo "2103"]
[BlackElo "2016"]
[PlyCount "106"]
[EventDate "2024.07.09"]
[EventType "swiss"]
[EventRounds "9"]
[EventCountry "POL"]
[SourceTitle "EXT 2025"]
[Source "ChessBase"]
[SourceDate "2024.10.14"]
[SourceVersion "1"]
[SourceVersionDate "2024.10.14"]
[SourceQuality "1"]

1. d4 d5 2. c4 e6 3. Nc3 Nf6 4. Nf3 Bb4 5. Qa4+ Nc6 6. e3 0-0 7. Qc2 Bd7 8. Bd2 Re8 9. Rd1 Bd6 10. Be2 dxc4 11. Bxc4 e5 12. dxe5 Nxe5 13. Nxe5 Bxe5 14. h3 Bc6 15. 0-0 Qe7 16. Rfe1 Rad8 17. Qb3 a6 18. Bc1 b5 19. Nd5 Qe6 20. Nxf6+ Qxf6 21. Bd5 Bxd5 22. Rxd5 Rxd5 23. Qxd5 Rd8 24. Qb3 c5 25. a4 c4 26. Qc2 Qd6 27. axb5 axb5 28. f4 Bf6 29. e4 Qc5+ 30. Be3 Bd4 31. Bxd4 Qxd4+ 32. Qf2 Kf8 33. Qxd4 Rxd4 34. Kf2 f5 35. exf5 Rxf4+ 36. Ke3 Rxf5 37. Ra1 Rd5 38. Ra3 Kf7 39. b4 cxb3 40. Rxb3 Ke6 41. Ke4 Kd6 42. g4 Kc6 43. h4 Rd7 44. Rc3+ Kb6 45. g5 b4 46. Rf3 g6 47. Ke5 Kb5 48. Ke6 Rd4 49. Rh3 Ka4 50. h5 b3 51. hxg6 hxg6 52. Kf7 b2 53. Rh1 Rd6 0-1

[Event "Katowice Silesia 100th Ann op"]
[Site "Katowice"]
[Date "2024.04.28"]
[Round "7"]
[White "Nagly, Wojciech"]
[Black "Wisniewski, Adrian"]
[Result "0-1"]
[WhiteElo "2004"]
[BlackElo "2351"]
[PlyCount "148"]
[EventDate "2024.04.27"]
[EventType "swiss (rapid)"]
[EventRounds "11"]
[EventCountry "POL"]
[SourceTitle "CBM 220 Extra"]
[Source "ChessBase"]
[SourceDate "2024.07.31"]
[SourceVersion "1"]
[SourceVersionDate "2024.07.31"]
[SourceQuality "1"]

1. d4 Nf6 2. Nf3 g6 3. c4 d6 4. Nc3 Bg7 5. e3 0-0 6. Be2 Nbd7 7. 0-0 c5 8. Qc2 a6 9. a3 b6 10. b4 Bb7 11. Bb2 cxd4 12. exd4 Rc8 13. Qb3 Qc7 14. Rac1 Nh5 15. Na4 Nf4 16. Bd1 Qb8 17. c5 bxc5 18. dxc5 Bxb2 19. Qxb2 Nd3 20. Qc3 Nxc1 21. Qxc1 dxc5 22. bxc5 Qc7 23. Qh6 Bxf3 24. Bxf3 Nxc5 25. Nc3 Qe5 26. Nd5 Rfd8 27. Ne3 a5 28. Ng4 Qg7 29. Qh4 h5 30. Ne3 Qf6 31. Qg3 Rd3 32. Bxh5 Ne4 33. Qg4 Nd6 34. Qg3 Nf5 35. Qg4 Rd4 36. Qh3 Rc3 37. Rb1 Rcd3 38. Be2 Rd2 39. Nf1 Rh4 40. Qf3 Rd8 41. g3 Rhd4 42. Kg2 Kg7 43. h4 e5 44. h5 e4 45. Qg4 e3 46. Qh3 exf2 47. Bg4 Ne3+ 48. Nxe3 Rd2 49. Nf1 Rb2 50. Rc1 Re8 51. hxg6 fxg6 52. Rc7+ Re7 53. Rc4 Rb1 54. Be2 Qe6 55. Qxe6 Rxe6 56. Rc7+ Kf6 57. Bf3 Ree1 58. Rc6+ Ke5 59. Rc5+ Kd6 60. Rd5+ Ke6 61. Rxa5 Rxf1 62. Ra6+ Ke5 63. Ra5+ Kd4 64. Rd5+ Kc4 65. Rd6 g5 66. Be2+ Kc5 67. Rg6 Rh1 68. Rxg5+ Kd4 69. Kxf2 Rh2+ 70. Kf3 Rb3+ 71. Kf4 Rxe2 72. Rg8 Re4+ 73. Kf5 Rf3+ 74. Kg6 Rxg3+ 0-1